Domestication of honey bees in rubber plantations (Record no. 51282)

MARC details
000 -LEADER
fixed length control field 00377nam a2200145Ia 4500
100 ## - MAIN ENTRY--AUTHOR NAME
Personal name Jose V.T.
245 #0 - TITLE STATEMENT
Title Domestication of honey bees in rubber plantations
260 ## - PUBLICATION, DISTRIBUTION, ETC. (IMPRINT)
Name of publisher Planters' Chronicle
Year of publication 2001
300 ## - PHYSICAL DESCRIPTION
Number of Pages 101-105
650 ## - SUBJECT ADDED ENTRY--TOPICAL TERM
Topical Term Rubber honey
650 ## - SUBJECT ADDED ENTRY--TOPICAL TERM
Topical Term Rubber plantation
700 ## - ADDED ENTRY--PERSONAL NAME
Personal name Joseph T.[a]
942 ## - ADDED ENTRY ELEMENTS (KOHA)
Koha item type Bibliography STAF
Holdings
Withdrawn status Lost status Damaged status Not for loan Home library Current library Shelving location Date acquired Serial Enumeration / chronology Koha item type
      Bibliography RRII Library RRII Library Rubber general 09/04/2014 Volume 97, Issue 3 Bibliography STAF